2204-恵那市(岐阜県)の駅 - Statistics

General Stats
  • This quiz has been taken 3 times
  • The average score is 7 of 10
Answer Stats
Answer % Correct
恵那
100%
武並
100%
岩村
100%
明智
100%
飯羽間
67%
極楽
67%
花白温泉
67%
野志
67%
東野
33%
山岡
33%
No matching quizzes found
Score Distribution
Percent of People with Each Score
Percentile by Number Answered
Your Score History
You have not taken this quiz